[Event "IECC M email"]
[Site "IECC email"]
[Date "2001.01.18"]
[Round "?"]
[White "Daniel, Silas"]
[Black "Kumar, Anand"]
[Result "0-1"]
[WhiteElo "1213"]
[BlackElo "1417"]
[PlyCount "44"]
[EventDate "2001.??.??"]
[EventType "tourn (corr)"]
[EventRounds "6"]
[SourceTitle "Corr 2008"]
[Source "ChessBase"]
[SourceDate "2008.06.24"]
[SourceVersion "1"]
[SourceVersionDate "2008.06.24"]
[SourceQuality "1"]

1. e4 c5 2. Nc3 Nc6 3. Nf3 e6 4. Bc4 Nf6 5. 0-0 d5 6. exd5 exd5 7. Re1+ Be6 8. Bb5 d4 9. Ng5 dxc3 10. dxc3 Qxd1 11. Rxd1 Bg4 12. Re1+ Be7 13. Bf4 Rd8 14. f3 Bf5 15. Rad1 Rxd1 16. Rxd1 h6 17. Bd6 hxg5 18. Bxe7 Kxe7 19. Bd3 Be6 20. Re1 Kd6 21. Be4 Nxe4 22. fxe4 Ke5 0-1